[Event "New Delhi Parsvnath op-B 16th"]
[Site "New Delhi"]
[Date "2018.01.09"]
[Round "2"]
[White "Aditya, Bikram Paul"]
[Black "Ajay, Virwani"]
[Result "1/2-1/2"]
[WhiteElo "1689"]
[BlackElo "1943"]
[PlyCount "77"]
[EventDate "2018.01.09"]
[EventType "swiss"]
[EventRounds "10"]
[EventCountry "IND"]
[SourceTitle "CBM 182 Extra"]
[Source "ChessBase"]
[SourceDate "2018.02.23"]
[SourceVersion "1"]
[SourceVersionDate "2018.02.23"]
[SourceQuality "1"]

1. c4 b6 2. g3 Bb7 3. Nf3 e5 4. d3 f5 5. Bg2 Nf6 6. 0-0 d6 7. Nc3 c6 8. Ng5 Qd7 9. f4 g6 10. e4 exf4 11. Bxf4 h6 12. Nf3 g5 13. Be3 Ng4 14. Bd4 Bg7 15. h3 Ne5 16. Bxe5 dxe5 17. exf5 0-0 18. g4 Na6 19. Ne4 Rad8 20. Qe2 Qxd3 21. Qxd3 Rxd3 22. Rad1 Rxd1 23. Rxd1 c5 24. Ne1 Bc6 25. Rd6 Be8 26. f6 Bh8 27. Nd3 Bg6 28. Nxe5 Bxe4 29. f7+ Rxf7 30. Nxf7 Bd4+ 31. Rxd4 cxd4 32. Nxh6+ Kg7 33. Bxe4 Kxh6 34. Kf2 Nc5 35. Bc2 a5 36. a3 a4 37. Kf3 Kg7 38. h4 gxh4 39. Kf4 1/2-1/2